000 01231nam a22002898a 4500
005 20080808184856.0
008 080808s2008 ii b 001 0 eng
010 _aENG-92457
020 _a9780761936343
_c795.00
035 _aEN-75990
037 _bDBAD / PUB
040 _adpl
_bEnglish
082 _a954.54
100 _aNanda, Chandi Prasad
245 _aVocalizing silence :
_bpolitical protests in Orissa, 1930-42 /
_cby Chandi Prasad Nanda.
260 _aNew Delhi ;
_bSage Publications,
_c2008
300 _axx, 413p.
_c23cm (Hb)
490 _aSage series in modern Indian history ; 13
500 _aIncludes bibliographical references and index.
650 _aProtest movements
_zIndia
_zOrissa
_xHistory
_y20th century
651 _aIndia
_xHistory
_xAutonomy and independence movements.
651 _aOrissa (India)
_xSocial conditions
_y20th century.
651 _aOrissa (India)
_xPolitics and government
_y20th century.
651 _aIndia
_xPolitics and government
_y1919-1947.
942 _2ddc
_cEN
_h954.54
_mNAN
999 _c20855
_d20855